| 000 | 00444cam a22001575a 4500 | ||
|---|---|---|---|
| 001 | J100817 | ||
| 008 | 000000s1921 xxk 000 0 eng u | ||
| 035 | _a(Sirsi) u100817 | ||
| 110 |
_aSurveyors' Institution _93783 |
||
| 245 | _aAmendments and additions to the by-laws of the Institution - schedule 13th December 1921. | ||
| 260 | _c1921 | ||
| 300 | _a30p. | ||
| 651 | 4 |
_aUnited Kingdom _y |
|
| 690 | _aBusiness and management | ||
| 942 | _n0 | ||
| 999 |
_c99852 _d99852 |
||